| 000 | 00347nam a2200145Ia 4500 | ||
|---|---|---|---|
| 008 | 230917s9999||||xx |||||||||||||| ||und|| | ||
| 040 |
_e13236 _aMAIN |
||
| 041 | _aEnglish | ||
| 082 | _a519.5 G643F | ||
| 100 | _aGoon, A M | ||
| 245 | 0 | _aFundamentals of statistics. V1 | |
| 260 |
_aCalcutta _bWorld Press _c1983 |
||
| 300 | _a644 p. | ||
| 942 | _cBK | ||
| 999 |
_c47769 _d47769 |
||